| 000 | 00359nam a22001217a 4500 | ||
|---|---|---|---|
| 008 | 180606b xxu||||| |||| 00| 0 eng d | ||
| 041 | _aeng | ||
| 080 | _a043.3 | ||
| 100 | _a0 | ||
| 101 | _aSHKI-MTH | ||
| 245 |
_aKrimet Kibernetike ( Përspektiva ndërkombëtare në aspektin krahasimor me vështrim të posaçëm në Kosovë) _cKrasniqi,G |
||
| 942 |
_2udc _cBK |
||
| 999 |
_c46404 _d46404 |
||